LEADER 00848cam0 2200253 450 001 E600200037023 005 20190702160132.0 100 $a20080516d1990 |||||ita|0103 ba 101 $aita 102 $aIT 200 1 $aXXIV rapporto/1990 sulla stuazione sociale del paese predisposto dal CENSIS con il patrocinio del CNEL. 210 $aMilano$cFranco Angeli$d1990 215 $a678 p.$c50 tab.$d24 cm. 300 $a(mr) 710 02$a*CENSIS (Centro Studi Investimenti Sociali)$3A600200025716$4070$09271 801 0$aIT$bUNISOB$c20190702$gRICA 850 $aUNISOB 852 $aUNISOB$j300$m64769 912 $aE600200037023 940 $aM 102 Monografia moderna SBN 941 $aM 957 $a300$bLI (51)$gSi$d64769$1massimo$2UNISOB$3UNISOB$420080516080837.0$520190702160132.0$6bethb 996 $aXXIV rapporto$91685532 997 $aUNISOB